000 00336nam a22001457a 4500
008 230206b ||||| |||| 00| 0 eng d
020 _a9780321955791
041 _aeng
080 _2FOURTH EDITION
_a51
082 _a51GAY
100 _a20
101 _aMATE
245 _aPREALGEBRA INTRODUCTORY ALGEBRA
_cGAY M E
942 _2udc
_cBK
999 _c59299
_d59299